[Event "URS"]
[Site "Soviet Union"]
[Date "1977.??.??"]
[Round "?"]
[White "Zeitlein, Michael"]
[Black "Zilberstein, Valery I"]
[Result "1-0"]
[WhiteElo "2475"]
[BlackElo "2455"]
[PlyCount "63"]
[EventDate "1977.??.??"]
[EventType "game"]
[EventRounds "9"]
[EventCountry "URS"]
[SourceTitle "EXT 2010"]
[Source "ChessBase"]
[SourceDate "2010.11.25"]
[SourceVersion "1"]
[SourceVersionDate "2010.11.25"]
[SourceQuality "1"]

1. d4 Nf6 2. c4 e6 3. Nf3 b6 4. a3 Bb7 5. Nc3 Ne4 6. Nxe4 Bxe4 7. Nd2 Bb7 8. e4
Qf6 9. d5 Bc5 10. Nf3 Qg6 11. b4 Qxe4+ 12. Be2 Be7 13. O-O O-O 14. Re1 Bf6 15.
Bd3 Qg4 16. Re4 Qh5 17. g4 exd5 18. Rf4 Qh3 19. Bf1 Qh6 20. g5 Bxg5 21. Rh4 Qg6
22. Bd3 f5 23. Bxg5 h6 24. Rg4 hxg5 25. Rxg5 Qe6 26. Qd2 dxc4 27. Re1 Be4 28.
Qc3 Qf6 29. Bxc4+ d5 30. Rxe4 dxc4 31. Qxc4+ Qf7 32. Re7 1-0

[Event "Pernik Benderev Memorial-03"]
[Site "Pernik"]
[Date "1977.06.20"]
[Round "1"]
[White "Zeitlein, Michael"]
[Black "Suradiradja, Herman"]
[Result "1-0"]
[WhiteElo "2475"]
[BlackElo "2350"]
[PlyCount "69"]
[EventDate "1977.06.20"]
[EventType "tourn"]
[EventRounds "13"]
[EventCountry "BUL"]
[EventCategory "5"]
[SourceTitle "EXT 2010"]
[Source "ChessBase"]
[SourceDate "2010.11.25"]
[SourceVersion "1"]
[SourceVersionDate "2010.11.25"]
[SourceQuality "1"]

1. e4 c5 2. Nf3 Nc6 3. Bb5 g6 4. O-O Bg7 5. c3 Nf6 6. d4 cxd4 7. cxd4 Nxe4 8.
d5 Nb8 9. Re1 Nd6 10. a4 O-O 11. Bg5 Re8 12. Nc3 h6 13. Bf4 Nxb5 14. axb5 d6
15. Qd2 g5 16. Be3 Nd7 17. h4 f6 18. Bxa7 b6 19. Nd4 Qc7 20. Nc6 Bb7 21. Ra3
Nf8 22. Qe3 e6 23. Bxb6 Qf7 24. Rxa8 Bxa8 25. Nd8 Qg6 26. Bc7 gxh4 27. b6 f5
28. Nc6 Bf6 29. Bxd6 h3 30. Qxh3 exd5 31. Rxe8 Qxe8 32. Qg3+ Kh7 33. Nxd5 Bxb2
34. Nce7 Nd7 35. Nc7 1-0

[Event "Pernik Benderev Memorial-03"]
[Site "Pernik"]
[Date "1977.06.29"]
[Round "9"]
[White "Peev, Peicho Chonev"]
[Black "Zeitlein, Michael"]
[Result "0-1"]
[WhiteElo "2460"]
[BlackElo "2475"]
[PlyCount "100"]
[EventDate "1977.06.20"]
[EventType "tourn"]
[EventRounds "13"]
[EventCountry "BUL"]
[EventCategory "5"]
[SourceTitle "EXT 2010"]
[Source "ChessBase"]
[SourceDate "2010.11.25"]
[SourceVersion "1"]
[SourceVersionDate "2010.11.25"]
[SourceQuality "1"]

1. d4 Nf6 2. c4 d6 3. Nc3 e5 4. d5 Nbd7 5. e4 Nc5 6. Qc2 a5 7. Be3 Be7 8. h3 (
8. Rd1) 8... O-O 9. g4 c6 10. O-O-O cxd5 11. Bxc5 dxc5 12. exd5 Ne8 13. Nf3 Bd6
14. Bd3 g6 15. Rde1 Ng7 16. Qd2 f6 17. Ne4 Be7 18. Qh6 Ne6 19. g5 Nf4 20. Bc2
b5 21. gxf6 Bxf6 22. Nfg5 Ra7 23. cxb5 Qxd5 24. Kb1 c4 25. Nxf6+ Rxf6 26. Ne4
Rf8 27. Nc3 Qd4 28. Re4 Qxf2 29. Rxc4 Bf5 30. Ne4 Qe2 31. Nd6 Bd3 32. Rc3 Bxc2+
33. Rxc2 Qd3 34. b6 Rg7 35. Nc4 Rc8 36. b3 a4 37. Kb2 Qd4+ 38. Kb1 Qd3 39. Kb2
Qd4+ 40. Kb1 axb3 41. axb3 Ra8 42. Nb2 Qxb6 43. Rhc1 Qd8 44. Rd1 Qf6 45. h4 Rb7
46. Qg5 Qxg5 47. hxg5 Rxb3 48. Rd7 Rab8 49. Kc1 e4 50. Re7 Rxb2 0-1

[Event "Leningrad-ch51"]
[Site "Leningrad"]
[Date "1978.??.??"]
[Round "?"]
[White "Zeitlein, Michael"]
[Black "Pukshansky, Mikhail Borisovich"]
[Result "1-0"]
[WhiteElo "2510"]
[BlackElo "2405"]
[PlyCount "39"]
[EventDate "1978.??.??"]
[EventType "tourn"]
[EventRounds "17"]
[EventCountry "URS"]
[SourceTitle "EXT 2002"]
[Source "ChessBase"]
[SourceDate "2001.11.25"]
[SourceVersion "1"]
[SourceVersionDate "2001.11.25"]
[SourceQuality "1"]

1. e4 e5 2. Nf3 Nc6 3. Bb5 a6 4. Ba4 Nf6 5. O-O Nxe4 6. d4 b5 7. Bb3 Be7 8.
Nxe5 Nxe5 9. dxe5 Bb7 10. Qg4 O-O 11. Re1 Bg5 12. Nc3 Bxc1 13. Nxe4 Bxe4 14.
Raxc1 Bc6 15. Re3 Kh8 16. Rh3 Qe7 17. Re1 g6 18. Ree3 a5 19. Qf4 f5 20. exf6
1-0

[Event "URS"]
[Site "Soviet Union"]
[Date "1978.??.??"]
[Round "?"]
[White "Zeitlein, Michael"]
[Black "Fershter, Anatoly B"]
[Result "1-0"]
[WhiteElo "2510"]
[BlackElo "2385"]
[PlyCount "57"]
[EventDate "1978.??.??"]
[EventType "game"]
[EventRounds "9"]
[EventCountry "URS"]
[SourceTitle "EXT 2010"]
[Source "ChessBase"]
[SourceDate "2010.11.25"]
[SourceVersion "1"]
[SourceVersionDate "2010.11.25"]
[SourceQuality "1"]

1. e4 e6 2. d4 d5 3. Nd2 c5 4. Ngf3 Nc6 5. Bb5 cxd4 6. O-O Bd6 7. Re1 Nge7 8.
e5 Bc7 9. Nxd4 Bd7 10. Nxc6 bxc6 11. Bd3 Ng6 12. Nf3 c5 13. c4 Bc6 14. cxd5
Qxd5 15. Qc2 Nxe5 16. Be4 Nxf3+ 17. Bxf3 Qd7 18. Rd1 Bd5 19. Bxd5 exd5 20. Qxc5
O-O-O 21. Be3 Qd6 22. Qxa7 Qxh2+ 23. Kf1 Qh1+ 24. Ke2 Qh5+ 25. f3 Qg6 26. Kf1
Qc6 27. Rac1 Qb5+ 28. Kg1 Qb7 29. Rxc7+ 1-0

[Event "Pernik Benderev Memorial-04"]
[Site "Pernik"]
[Date "1978.07.01"]
[Round "1"]
[White "Zeitlein, Michael"]
[Black "Minev, Nikolay Nikolaev"]
[Result "1-0"]
[WhiteElo "2510"]
[BlackElo "2390"]
[PlyCount "94"]
[EventDate "1978.07.01"]
[EventType "tourn"]
[EventRounds "15"]
[EventCountry "BUL"]
[EventCategory "7"]
[SourceTitle "EXT 2004"]
[Source "ChessBase"]
[SourceDate "2003.11.25"]
[SourceVersion "1"]
[SourceVersionDate "2003.11.25"]
[SourceQuality "1"]

1. d4 Nf6 2. Nf3 b6 3. c4 e6 4. g3 Bb7 5. Bg2 Be7 6. O-O O-O 7. Nc3 Ne4 8. Qc2
Nxc3 9. Qxc3 f5 10. b3 Bf6 11. Bb2 d6 12. Rfe1 Qe7 13. Rad1 Nd7 14. Nd2 Bxg2
15. Kxg2 c5 16. Qd3 cxd4 17. Bxd4 Nc5 18. Bxf6 Rxf6 19. Qd4 Qb7+ 20. f3 Rd8 21.
Nb1 Qc6 22. Nc3 Rf7 23. Rd2 a6 24. Red1 Nb7 25. Qe3 Re8 26. Rd4 h6 27. Qd2 Ref8
28. Qe3 Re8 29. Rc1 Kh8 30. Rd2 Rc7 31. Rdc2 Rf7 32. Qf2 Kg8 33. Qd4 Qc5 34.
Qxc5 bxc5 35. Rd2 Rc7 36. Rcd1 Rc6 37. e4 fxe4 38. Nxe4 Rd8 39. f4 Kf7 40. h4
Ke7 41. h5 Rc7 42. g4 Rcd7 43. Re2 Kf7 44. f5 exf5 45. Rf2 Kg8 46. Rxf5 Re7 47.
Ng3 Re4 1-0

[Event "Pernik Benderev Memorial-04"]
[Site "Pernik"]
[Date "1978.07.04"]
[Round "4"]
[White "Govedarica, Radovan"]
[Black "Zeitlein, Michael"]
[Result "0-1"]
[WhiteElo "2405"]
[BlackElo "2510"]
[PlyCount "125"]
[EventDate "1978.07.01"]
[EventType "tourn"]
[EventRounds "15"]
[EventCountry "BUL"]
[EventCategory "7"]
[SourceTitle "EXT 2004"]
[Source "ChessBase"]
[SourceDate "2003.11.25"]
[SourceVersion "1"]
[SourceVersionDate "2003.11.25"]
[SourceQuality "1"]

1. e4 e5 2. Nf3 Nc6 3. Bb5 f5 4. Nc3 fxe4 5. Nxe4 Nf6 6. Qe2 Qe7 7. O-O d5 8.
Nxf6+ gxf6 9. Nh4 Bd7 10. Qh5+ Qf7 11. Qxf7+ Kxf7 12. c3 Rd8 13. Be2 h5 14. d3
Bc5 15. Kh1 Rdg8 16. Bd2 f5 17. Nf3 Be7 18. h4 f4 19. d4 e4 20. Ng5+ Rxg5 21.
hxg5 Bxg5 22. g3 f3 23. Bxg5 fxe2 24. Rfe1 Bg4 25. Rac1 Kg6 26. Bh4 b5 27. a3
a5 28. Rc2 Rf8 29. Kg2 a4 30. Rexe2 Bxe2 31. Rxe2 Na5 32. Kh3 Nb3 33. g4 Nc1
34. Rd2 Nd3 35. gxh5+ Kxh5 36. Bg3 c6 37. Re2 Rf3 38. Rd2 Kg5 39. Rc2 Nf4+ 40.
Kh2 Nd3 41. Kh3 Rf7 42. Re2 Rh7+ 43. Kg2 Kg4 44. Bd6 Rf7 45. Bg3 Rf3 46. Bd6
Kf5 47. Bg3 Ke6 48. Rd2 Kd7 49. Kf1 Kc8 50. Ke2 Kb7 51. Kd1 c5 52. dxc5 Kc6 53.
Kc2 Kxc5 54. b3 Rf8 55. Bh4 Kc6 56. Bg3 Rf7 57. b4 Kd7 58. Rd1 Rf3 59. Rh1 Nxf2
60. Rh7+ Ke6 61. Rh6+ Kf5 62. Bc7 Ng4 63. Rd6 0-1

[Event "Rubinstein Memorial-16"]
[Site "Polanica Zdroj"]
[Date "1978.08.07"]
[Round "2"]
[White "Boensch, Uwe"]
[Black "Zeitlein, Michael"]
[Result "0-1"]
[WhiteElo "2490"]
[BlackElo "2510"]
[PlyCount "90"]
[EventDate "1978.08.06"]
[EventType "tourn"]
[EventRounds "15"]
[EventCountry "POL"]
[EventCategory "9"]
[SourceTitle "MCD"]
[Source "ChessBase"]
[SourceDate "1999.07.01"]
[SourceVersion "1"]
[SourceVersionDate "1999.07.01"]
[SourceQuality "1"]

1. Nf3 Nf6 2. b3 g6 3. Bb2 Bg7 4. c4 O-O 5. e3 c5 6. Be2 Nc6 7. O-O b6 8. d4
cxd4 9. Nxd4 Nxd4 10. Qxd4 Bb7 11. Nc3 Ne4 12. Qd3 Rc8 13. Rad1 d6 14. Ba1 Nxc3
15. Bxc3 Bxc3 16. Qxc3 Rc5 17. b4 Rc7 18. Qd4 Qd7 19. Rd2 Rfc8 20. h4 Qe6 21.
Rc1 Qe4 22. f3 Qf5 23. g4 Qe6 24. Kf2 f6 25. Qf4 Ba6 26. Rdc2 Bb5 27. Bd3 Ba4
28. Rd2 Qf7 29. h5 e5 30. Qh2 gxh5 31. gxh5 Kh8 32. Qh4 d5 33. Bg6 Qg7 34. Bd3
Rg8 35. Qh2 Qh6 36. c5 d4 37. Re2 bxc5 38. Rxc5 dxe3+ 39. Rxe3 Rcg7 40. Bf1 Rg5
41. Bh3 Rxh5 42. f4 Bd7 43. Rcc3 exf4 44. Red3 f3 45. Rxd7 Rxh3 0-1

[Event "Rubinstein Memorial-16"]
[Site "Polanica Zdroj"]
[Date "1978.08.08"]
[Round "3"]
[White "Zeitlein, Michael"]
[Black "Bielczyk, Jacek"]
[Result "1-0"]
[WhiteElo "2510"]
[BlackElo "2380"]
[PlyCount "53"]
[EventDate "1978.08.06"]
[EventType "tourn"]
[EventRounds "15"]
[EventCountry "POL"]
[EventCategory "9"]
[SourceTitle "MCD"]
[Source "ChessBase"]
[SourceDate "1999.07.01"]
[SourceVersion "1"]
[SourceVersionDate "1999.07.01"]
[SourceQuality "1"]

1. e4 c5 2. Nf3 Nc6 3. Bb5 g6 4. O-O Bg7 5. Re1 Nf6 6. c3 O-O 7. d4 cxd4 8.
cxd4 d5 9. e5 Ne4 10. Bxc6 bxc6 11. Nbd2 c5 12. dxc5 Nxc5 13. Nb3 Nxb3 14. Qxb3
d4 15. Rd1 Qc7 16. Rxd4 Bxe5 17. Rc4 Qd6 18. Nxe5 Qxe5 19. Bf4 Qf5 20. Qe3 Bb7
21. Rc7 Qd5 22. f3 Rac8 23. Rxe7 Rfd8 24. Re1 a5 25. Be5 Rc2 26. Qh6 Rxg2+ 27.
Kh1 1-0

[Event "Rubinstein Memorial-16"]
[Site "Polanica Zdroj"]
[Date "1978.08.10"]
[Round "5"]
[White "Zeitlein, Michael"]
[Black "Kuligowski, Adam"]
[Result "1-0"]
[WhiteElo "2510"]
[BlackElo "2325"]
[PlyCount "37"]
[EventDate "1978.08.06"]
[EventType "tourn"]
[EventRounds "15"]
[EventCountry "POL"]
[EventCategory "9"]
[SourceTitle "MCD"]
[Source "ChessBase"]
[SourceDate "1999.07.01"]
[SourceVersion "1"]
[SourceVersionDate "1999.07.01"]
[SourceQuality "1"]

1. Nf3 Nf6 2. g3 b6 3. Bg2 Bb7 4. O-O e6 5. d3 d5 6. Nbd2 Nbd7 7. c4 Bd6 8.
cxd5 exd5 9. Nd4 g6 10. Nb5 Be7 11. e4 O-O 12. Nc3 Bb4 13. exd5 Ne5 14. Nc4 Re8
15. Bf4 Nfd7 16. Re1 Qf6 17. Nxe5 Nxe5 18. d4 Nd7 19. Qa4 1-0

[Event "Rubinstein Memorial-16"]
[Site "Polanica Zdroj"]
[Date "1978.08.19"]
[Round "12"]
[White "Zeitlein, Michael"]
[Black "Sznapik, Aleksander"]
[Result "1-0"]
[WhiteElo "2510"]
[BlackElo "2405"]
[PlyCount "91"]
[EventDate "1978.08.06"]
[EventType "tourn"]
[EventRounds "15"]
[EventCountry "POL"]
[EventCategory "9"]
[SourceTitle "MCD"]
[Source "ChessBase"]
[SourceDate "1999.07.01"]
[SourceVersion "1"]
[SourceVersionDate "1999.07.01"]
[SourceQuality "1"]

1. e4 g6 2. d4 Bg7 3. Nf3 d6 4. Nc3 Nf6 5. Bf4 c6 6. h3 Qa5 7. Qd2 Nbd7 8. Bd3
e5 9. Bh6 O-O 10. Bxg7 Kxg7 11. O-O Re8 12. Rfe1 Nf8 13. Bf1 Be6 14. a4 Rad8
15. Rab1 Qb4 16. dxe5 dxe5 17. Qe3 N8d7 18. b3 a5 19. Rbd1 Qc5 20. Ng5 Qxe3 21.
Nxe6+ fxe6 22. Rxe3 Nc5 23. Ree1 Rd4 24. Rxd4 exd4 25. e5 dxc3 26. exf6+ Kxf6
27. Re3 Rd8 28. Rxc3 b6 29. Be2 e5 30. Rf3+ Ke7 31. Bc4 Rd1+ 32. Kh2 Rd2 33.
Rf7+ Kd6 34. Rxh7 Rxc2 35. Rg7 Nxa4 36. Rxg6+ Kc5 37. h4 Nb2 38. h5 Nxc4 39. h6
Nd6 40. h7 Nf7 41. Rf6 Nh8 42. Rf8 Rd2 43. Rxh8 Rd7 44. g4 b5 45. Kg3 Rg7 46.
Kf3 1-0

[Event "Slupsk"]
[Site "Slupsk"]
[Date "1978.??.??"]
[Round "?"]
[White "Zeitlein, Michael"]
[Black "Adamski, Jan"]
[Result "1-0"]
[WhiteElo "2510"]
[BlackElo "2470"]
[PlyCount "123"]
[EventDate "1978.08.28"]
[EventType "tourn"]
[EventRounds "11"]
[EventCountry "POL"]
[EventCategory "6"]
[SourceTitle "EXT 1998"]
[Source "ChessBase"]
[SourceDate "1997.11.17"]
[SourceVersion "1"]
[SourceVersionDate "1997.11.17"]
[SourceQuality "1"]

1. e4 c5 2. Nf3 d6 3. d4 cxd4 4. Nxd4 Nf6 5. Nc3 e6 6. Be2 Be7 7. Be3 a6 8. f4
Qc7 9. Qd2 b5 10. Bf3 Bb7 11. a3 Nc6 12. Nb3 O-O 13. O-O Rac8 14. g4 Nd7 15.
Qf2 Rfe8 16. Bg2 Na5 17. Nxa5 Qxa5 18. g5 Qc7 19. Rad1 Bc6 20. Bd4 Bf8 21. Rd3
e5 22. fxe5 Nxe5 23. Rh3 Bd7 24. Rh4 Be6 25. Bh3 g6 26. Nd5 Bxd5 27. exd5 Rb8
28. Rf4 Rb7 29. Be6 Re7 30. h4 Bg7 31. Bh3 Nc4 32. Bxg7 Kxg7 33. h5 gxh5 34.
Rd4 Ne5 35. c3 Re8 36. Qh4 Qe7 37. Qxh5 Ng6 38. Rd3 Qe2 39. Rdf3 Re5 40. Bg4
Qd2 41. Rxf7+ Rxf7 42. Rxf7+ Kxf7 43. Qxh7+ Kf8 44. Qh6+ Kf7 45. Be6+ Rxe6 46.
dxe6+ Ke7 47. Qg7+ Kxe6 48. Qxg6+ Ke7 49. Qf6+ Ke8 50. b4 Qc1+ 51. Kg2 Qxa3 52.
Qe6+ Kf8 53. Qxd6+ Kf7 54. Qf6+ Kg8 55. Kf3 Qa1 56. Ke4 Qh1+ 57. Ke5 Qb7 58. g6
Qc7+ 59. Kd5 Qd7+ 60. Qd6 Qb7+ 61. Qc6 Qb8 62. Qd7 1-0

[Event "Slupsk"]
[Site "Slupsk"]
[Date "1978.??.??"]
[Round "?"]
[White "Zeitlein, Michael"]
[Black "Bednarski, Jacek B"]
[Result "1-0"]
[WhiteElo "2510"]
[BlackElo "2365"]
[PlyCount "151"]
[EventDate "1978.08.28"]
[EventType "tourn"]
[EventRounds "11"]
[EventCountry "POL"]
[EventCategory "6"]
[SourceTitle "EXT 1998"]
[Source "ChessBase"]
[SourceDate "1997.11.17"]
[SourceVersion "1"]
[SourceVersionDate "1997.11.17"]
[SourceQuality "1"]

1. e4 e5 2. Nf3 Nc6 3. Bb5 Nf6 4. d3 d6 5. c3 Be7 6. Nbd2 O-O 7. O-O Bd7 8. Re1
Re8 9. Nf1 Bf8 10. Bg5 h6 11. Bh4 Ne7 12. Bxd7 Nxd7 13. d4 c6 14. Qc2 Qc7 15.
Rad1 Ng6 16. Bg3 Nf6 17. c4 Nh5 18. a3 Nxg3 19. hxg3 exd4 20. Nxd4 Ne5 21. Re2
Ng4 22. b4 a6 23. Nb3 Nf6 24. f3 Rad8 25. Red2 g6 26. g4 Qe7 27. Rd4 h5 28.
gxh5 Nxh5 29. Qd2 Qe6 30. Na5 Rb8 31. g4 Nf6 32. Qf4 Nh7 33. Kg2 Be7 34. Ng3
Red8 35. Qd2 Nf8 36. g5 Qc8 37. Rh1 Ne6 38. f4 Bf8 39. Rd3 d5 40. cxd5 cxd5 41.
exd5 Ng7 42. Ne4 Be7 43. d6 Qf5 44. Ng3 Qb5 45. a4 Qd7 46. dxe7 Qxe7 47. Rxd8+
Rxd8 48. Qe1 Qc7 49. Qc1 Qe7 50. Qc3 Nh5 51. Rh4 Qe6 52. f5 Qa2+ 53. Kh3 Rd2
54. Qc8+ Kg7 55. f6+ Kh7 56. Rxh5+ gxh5 57. g6+ fxg6 58. Qc7+ Kh6 59. Qg7+ Kg5
60. Ne4+ Kf4 61. Nxd2 Qe6+ 62. Kh2 Qe2+ 63. Kg1 Qd1+ 64. Nf1 Qg4+ 65. Kf2 Qf3+
66. Ke1 Qe4+ 67. Kd2 Qxb4+ 68. Kd3 Qa3+ 69. Kd4 Qb2+ 70. Kc5 b6+ 71. Kc6 bxa5
72. Qe7 Qc3+ 73. Kd7 Qh3+ 74. Qe6 Qg2 75. Qe3+ Kf5 76. Ng3+ 1-0

[Event "Slupsk"]
[Site "Slupsk"]
[Date "1978.??.??"]
[Round "?"]
[White "Zeitlein, Michael"]
[Black "Pokojowczyk, Jerzy"]
[Result "1-0"]
[WhiteElo "2510"]
[BlackElo "2385"]
[PlyCount "55"]
[EventDate "1978.08.28"]
[EventType "tourn"]
[EventRounds "11"]
[EventCountry "POL"]
[EventCategory "6"]
[SourceTitle "EXT 1998"]
[Source "ChessBase"]
[SourceDate "1997.11.17"]
[SourceVersion "1"]
[SourceVersionDate "1997.11.17"]
[SourceQuality "1"]

1. d4 Nf6 2. Bg5 c5 3. Nc3 Qa5 4. Bxf6 gxf6 5. e3 cxd4 6. exd4 e6 7. d5 Ba3 8.
Qc1 Qb4 9. Rb1 Qxc3+ 10. bxc3 Bxc1 11. Rxc1 b6 12. Be2 e5 13. f4 d6 14. Nf3 Ba6
15. Bd3 Bb7 16. c4 Nd7 17. O-O Nc5 18. fxe5 fxe5 19. Ng5 O-O 20. Rf6 h6 21.
Rxh6 f6 22. Rg6+ Kh8 23. Ne4 Nxe4 24. Bxe4 f5 25. Bd3 Rad8 26. Rf1 Bc8 27. Rf3
f4 28. g4 1-0

[Event "Slupsk"]
[Site "Slupsk"]
[Date "1978.??.??"]
[Round "?"]
[White "Zeitlein, Michael"]
[Black "Schmidt, Wlodzimierz"]
[Result "1-0"]
[WhiteElo "2510"]
[BlackElo "2505"]
[PlyCount "75"]
[EventDate "1978.08.28"]
[EventType "tourn"]
[EventRounds "11"]
[EventCountry "POL"]
[EventCategory "6"]
[SourceTitle "EXT 1998"]
[Source "ChessBase"]
[SourceDate "1997.11.17"]
[SourceVersion "1"]
[SourceVersionDate "1997.11.17"]
[SourceQuality "1"]

1. e4 c5 2. Nf3 e6 3. d4 cxd4 4. Nxd4 Nc6 5. Nc3 a6 6. Be2 d6 7. Be3 Nf6 8. f4
Be7 9. Qd2 Qc7 10. O-O-O Na5 11. g4 Nc4 12. Bxc4 Qxc4 13. g5 Nd7 14. f5 Ne5 15.
f6 gxf6 16. gxf6 Bxf6 17. Rhf1 Be7 18. Bg5 Nd3+ 19. cxd3 Qxd4 20. Bxe7 Kxe7 21.
Qg5+ Ke8 22. e5 Qxe5 23. Qh4 h6 24. Ne4 f5 25. Nd2 b5 26. Rde1 Qd5 27. Qf6 Rf8
28. Qg6+ Ke7 29. Qxh6 Bd7 30. Rg1 Rac8+ 31. Kb1 Qxd3+ 32. Ka1 Qd4 33. Nf3 Qd5
34. Qh4+ Ke8 35. Rg7 Rf7 36. Qh5 e5 37. Rg8+ Ke7 38. Qh4+ 1-0

[Event "Tirnavia Reti Memorial-01"]
[Site "Trnava"]
[Date "1979.03.18"]
[Round "1"]
[White "Espig, Lutz"]
[Black "Zeitlein, Michael"]
[Result "0-1"]
[WhiteElo "2450"]
[BlackElo "2505"]
[PlyCount "68"]
[EventDate "1979.03.18"]
[EventType "tourn"]
[EventRounds "13"]
[EventCountry "CSR"]
[EventCategory "8"]
[SourceTitle "EXT 1998"]
[Source "ChessBase"]
[SourceDate "1997.11.17"]
[SourceVersion "1"]
[SourceVersionDate "1997.11.17"]
[SourceQuality "1"]

1. Nf3 c5 2. c4 Nf6 3. Nc3 d5 4. cxd5 Nxd5 5. g3 Nc6 6. Bg2 Nc7 7. a3 e5 8. b4
f6 9. bxc5 Ne6 10. e3 Bxc5 11. O-O O-O 12. Qc2 f5 13. Rd1 Qe8 14. Nxe5 Nxe5 15.
d4 f4 16. gxf4 Bxd4 17. exd4 Ng6 18. f5 Nh4 19. fxe6 Nxg2 20. Kxg2 Bxe6 21. Qe4
Qf7 22. Be3 Rac8 23. d5 Bf5 24. Qd4 Rxc3 25. Qxc3 Bh3+ 26. Kxh3 Qf3+ 27. Kh4
g5+ 28. Bxg5 Qxc3 29. f4 Qc2 30. d6 Qxh2+ 31. Kg4 Qg2+ 32. Kh4 h5 33. Kxh5 Qh3+
34. Bh4 Kh7 0-1

[Event "Tirnavia Reti Memorial-01"]
[Site "Trnava"]
[Date "1979.03.23"]
[Round "6"]
[White "Bohosjan, Sarkis"]
[Black "Zeitlein, Michael"]
[Result "0-1"]
[WhiteElo "2410"]
[BlackElo "2505"]
[PlyCount "64"]
[EventDate "1979.03.18"]
[EventType "tourn"]
[EventRounds "13"]
[EventCountry "CSR"]
[EventCategory "8"]
[SourceTitle "EXT 1998"]
[Source "ChessBase"]
[SourceDate "1997.11.17"]
[SourceVersion "1"]
[SourceVersionDate "1997.11.17"]
[SourceQuality "1"]

1. Nf3 Nf6 2. c4 c5 3. Nc3 d5 4. cxd5 Nxd5 5. g3 Nc6 6. Bg2 Nc7 7. a3 g6 8. b4
Bg7 9. O-O O-O 10. bxc5 Ne6 11. Bb2 Nxc5 12. Na4 Bxb2 13. Nxb2 Be6 14. d3 Rc8
15. Ng5 Bb3 16. Qd2 Bd5 17. Qf4 f6 18. Nf3 e5 19. Qh6 Bxf3 20. exf3 Nd4 21.
Rab1 Ne2+ 22. Kh1 Nc3 23. Rbe1 Nxd3 24. Nxd3 Qxd3 25. f4 e4 26. f5 gxf5 27. Re3
Qd4 28. Bh3 Rc5 29. f3 Qd2 30. g4 Nd1 31. gxf5 Nf2+ 32. Kg2 Ng4+ 0-1

[Event "Tirnavia Reti Memorial-01"]
[Site "Trnava"]
[Date "1979.03.24"]
[Round "7"]
[White "Zeitlein, Michael"]
[Black "Vilela de Acuna, Jose Luis"]
[Result "1-0"]
[WhiteElo "2505"]
[BlackElo "2460"]
[PlyCount "54"]
[EventDate "1979.03.18"]
[EventType "tourn"]
[EventRounds "13"]
[EventCountry "CSR"]
[EventCategory "8"]
[SourceTitle "EXT 1998"]
[Source "ChessBase"]
[SourceDate "1997.11.17"]
[SourceVersion "1"]
[SourceVersionDate "1997.11.17"]
[SourceQuality "1"]

1. e4 e6 2. d4 d5 3. Nc3 Bb4 4. Nge2 dxe4 5. a3 Be7 6. Nxe4 Nf6 7. N2g3 Nc6 8.
c3 e5 9. Nxf6+ Bxf6 10. d5 Ne7 11. c4 Nf5 12. Bd3 Nxg3 13. hxg3 b6 14. Be3 e4
15. Bxe4 Bxb2 16. Ra2 Bc3+ 17. Kf1 Be5 18. c5 Kf8 19. Rh5 Bf6 20. d6 g6 21.
Bxa8 gxh5 22. Bd5 Bf5 23. Qf3 Bd3+ 24. Kg1 Kg7 25. dxc7 Qd7 26. Bh6+ Kg6 27.
Rd2 Be5 1-0

[Event "Tirnavia Reti Memorial-01"]
[Site "Trnava"]
[Date "1979.03.27"]
[Round "9"]
[White "Zeitlein, Michael"]
[Black "Ftacnik, Lubomir"]
[Result "1-0"]
[WhiteElo "2505"]
[BlackElo "2430"]
[PlyCount "123"]
[EventDate "1979.03.18"]
[EventType "tourn"]
[EventRounds "13"]
[EventCountry "CSR"]
[EventCategory "8"]
[SourceTitle "EXT 1998"]
[Source "ChessBase"]
[SourceDate "1997.11.17"]
[SourceVersion "1"]
[SourceVersionDate "1997.11.17"]
[SourceQuality "1"]

1. e4 d6 2. d4 Nf6 3. Nc3 g6 4. g3 Bg7 5. Bg2 O-O 6. Nge2 e5 7. O-O Nbd7 8. h3
c6 9. Be3 Re8 10. Qd2 exd4 11. Nxd4 Nc5 12. Rae1 Qc7 13. Bf4 Nfd7 14. Nb3 Ne5
15. Nxc5 dxc5 16. Rd1 Be6 17. Qc1 Qa5 18. Bh6 Nc4 19. Bxg7 Kxg7 20. f4 f5 21.
Qa1 Kg8 22. Rfe1 Rad8 23. Rd3 Rxd3 24. cxd3 Nd6 25. b3 Qb4 26. Na4 Qd4+ 27.
Qxd4 cxd4 28. e5 Nb5 29. Rc1 Re7 30. Kf2 Kf7 31. Bf3 h5 32. Rg1 Nc7 33. Nb2 Nd5
34. Nc4 Nb4 35. Be2 b5 36. Nd6+ Kf8 37. a3 Nd5 38. Bf3 Rc7 39. b4 a6 40. Ke1 a5
41. bxa5 Ra7 42. Kd2 Ke7 43. Bxd5 cxd5 44. Nxb5 Rxa5 45. Nxd4 Rxa3 46. Rb1 Bf7
47. Ke3 Ra2 48. Rb7+ Kf8 49. e6 Be8 50. Nf3 Rg2 51. Ng5 Rxg3+ 52. Kd4 Rg1 53.
Nh7+ Kg8 54. Nf6+ Kf8 55. Rh7 Re1 56. Kxd5 g5 57. fxg5 Bg6 58. Rh8+ Ke7 59. Rg8
f4 60. Rxg6 f3 61. Rg7+ Kd8 62. Ne4 1-0

[Event "Naleczow International"]
[Site "Naleczow"]
[Date "1979.07.20"]
[Round "8"]
[White "Zeitlein, Michael"]
[Black "Espig, Lutz"]
[Result "1-0"]
[WhiteElo "2505"]
[BlackElo "2450"]
[PlyCount "87"]
[EventDate "1979.07.13"]
[EventType "tourn"]
[EventRounds "17"]
[EventCountry "POL"]
[EventCategory "7"]
[SourceTitle "MCD"]
[Source "ChessBase"]
[SourceDate "1999.07.01"]
[SourceVersion "1"]
[SourceVersionDate "1999.07.01"]
[SourceQuality "1"]

1. d4 d5 2. Nf3 e6 3. c4 c5 4. cxd5 exd5 5. Nc3 Nc6 6. g3 Nf6 7. Bg2 Be7 8. O-O
O-O 9. Bf4 Ne4 10. dxc5 Nxc3 11. bxc3 Bxc5 12. Nd4 Bxd4 13. cxd4 Be6 14. Rb1
Qd7 15. Qd2 Rfd8 16. Rfc1 Rac8 17. Rc3 Ne7 18. Rbc1 Rxc3 19. Rxc3 Nc6 20. Rc5
b6 21. Rc1 h6 22. f3 Rc8 23. Bf1 Bh3 24. Bxh3 Qxh3 25. g4 Qh4 26. Qd3 Qf6 27.
Qf5 Qd8 28. g5 hxg5 29. Bxg5 Ne7 30. Rxc8 Qxc8 31. Qe5 f6 32. Bxf6 gxf6 33.
Qxe7 Qc3 34. Qe6+ Kg7 35. Qg4+ Kf8 36. Kf2 Qc4 37. a3 Qc3 38. h4 Qxa3 39. Qe6
Kg7 40. h5 Qb4 41. Qd7+ Kf8 42. Qxd5 a5 43. h6 Qb1 44. Qd8+ 1-0